Państwa w ich oficjalnych jęz. - Europa - Statystyki

Ogólne statystyki
  • Ten quiz został rozwiązany 277 razy
  • Średni wynik to 40 z 47
Statystyki odpowiedzi
Pełna nazwa państwa (of. język) ''Potoczna'' nazwa państwa (po polsku) % Poprawnych
United Kingdom of Great Britain and Northern Ireland Wielka Brytania
100%
Royaume de Belgique, Koninkrijk België, Königreich Belgien Belgia
97%
Bosna i Hercegovina, Босна и Херцеговина Bośnia i Hercegowina
97%
République Française Francja
97%
Principauté de Monaco Monako
97%
Principat d'Andorra Andora
96%
Česká republika Czechy
96%
Suomen tasavalta, Republiken Finland Finlandia
96%
Éire, Ireland Irlandia
96%
Fürstentum Liechtenstein Liechtenstein
96%
Lietuvos Respublika Litwa
96%
Groussherzogtum Lëtzebuerg, Großherzogtum Luxemburg, Grand-Duché de Luxembourg Luksemburg
96%
Bundesrepublik Deutschland Niemcy
96%
Rzeczpospolita Polska Polska
96%
Reino de España Hiszpania
95%
Repubblika ta 'Malta, Republic of Malta Malta
95%
Republica Moldova Mołdawia
95%
República Portuguesa Portugalia
95%
România Rumunia
95%
Kongeriget Danmark Dania
94%
Lýðveldið Ísland Islandia
94%
Latvijas Republika Łotwa
94%
Repubblica di San Marino San Marino
94%
Slovenská republika Słowacja
94%
Republika Slovenija Słowenia
94%
Status Civitatis Vaticanae, Stato della Città del Vaticano Watykan
94%
Koninkrijk der Nederlanden Holandia
93%
Schweizerische Eidgenossenschaft, Confédération Suisse, Confederazione Svizzera Szwajcaria
93%
Repubblica Italiana Włochy
93%
Kongeriket Norge Norwegia
88%
Republik Österreich Austria
86%
Российская Федерация Rosja
86%
Рэспубліка Беларусь, Республика Беларусь Białoruś
82%
Republika Hrvatska Chorwacja
82%
Україна Ukraina
80%
Ελληνική Δημοκρατία Grecja
76%
Konungariket Sverige Szwecja
76%
Eesti Vabariik Estonia
70%
Република Северна Македонија Macedonia Północna
67%
Magyarország Węgry
67%
Република България Bułgaria
65%
Қазақстан Республикасы, Республика Казахстан Kazachstan
64%
Република Србија Serbia
59%
Република Црна Гора Czarnogóra
51%
საქართველო Gruzja
50%
Republika e Shqipërise Albania
49%
Հայաստանի Հանրապետություն Armenia
41%
Nie znaleziono quizów pasujących do podanych kryteriów
Rozkład punktacji
Procent ludzi z każdym wynikiem
Percentyl według liczby udzielonych odpowiedzi
Twoja historia wyników
Nie rozwiązałeś tego quizu